000 00588nam a2200241Ia 4500
003 OSt
005 20221005132941.0
006 a|||||r|||| 00| 0
007 ta
008 221004b |||||||| |||| 00| 0 tam d
024 _a51689
037 _cTextual
040 _aCRL
_cCRL
_btam
041 _2tam
_atam
082 _aR41, 31J4
100 _aLingam Avinashi Au.
_9641867
245 0 _aVazhkkaiyinadipadai
260 _c1954
650 _a PHILOSOPHY
650 _aETHICS
942 _hR41, 31J4
_cTEXL
_2cc
999 _c1065270
_d1065270